000 00938cam a22002897a 4500
003 CHAP
005 20220329134136.0
008 971013s1971 r 00010 d
010 _a16054
011 _a17026
035 _a21108
040 _cCHAP
100 0 0 _aGuimarin, Spencer.
_951426
245 0 _aTécnicas para elaborar material gráfico en la escuela
260 _aMéxico, D.F., :
_bPax-México,
_c1971
300 _a42 p.
_b: ilus
490 0 _aMateriales audiovisuales
_v; guías para el maestro
590 _aBATCH-UPD
_b10
_c20130110
_lUCH01
_h2142
590 _aBATCH-UPD
_b10
_c20130410
_lUCH01
_h1450
590 _aBATCH-UPD
_b10
_c20130914
_lUCH01
_h1556
590 _aCONVERSION
_b10
_c20130109
_lUCH01
_h1310
650 1 4 _aEducación visual.
_935685
830 0 _aMateriales audiovisuales
_v; guías para el maestro
_972943
901 _aBK
942 _cFOLL
949 _aFolleto 2004Yg
_bBC
_cFOLL
_d-49248
_eTS1
_i21108
_si
999 _c16054
_d16054